<?xml version="1.0" encoding="UTF-8"?>
<collection xmlns="http://www.loc.gov/MARC21/slim">
 <record>
  <leader>01186nam a22002177a 4500</leader>
  <controlfield tag="001">NCT_146061</controlfield>
  <controlfield tag="008">230330b        xxu||||| |||| 00| 0 vie d</controlfield>
  <datafield tag="999" ind1=" " ind2=" ">
   <subfield code="c">7520</subfield>
   <subfield code="d">7520</subfield>
  </datafield>
  <datafield tag="020" ind1=" " ind2=" ">
   <subfield code="a">9786048268381</subfield>
   <subfield code="c">179000</subfield>
  </datafield>
  <datafield tag="082" ind1="0" ind2="4">
   <subfield code="2">23rd ed.</subfield>
   <subfield code="a">133.3337</subfield>
   <subfield code="b">T507</subfield>
  </datafield>
  <datafield tag="100" ind1="1" ind2=" ">
   <subfield code="a">Nguyễn Trọng Tuệ</subfield>
   <subfield code="e">Chủ biên</subfield>
  </datafield>
  <datafield tag="245" ind1="1" ind2="0">
   <subfield code="a">Phong thủy ứng dụng</subfield>
   <subfield code="n">Tập 1</subfield>
   <subfield code="c">Nguyễn Trọng Tuệ (Chủ biên); Trịnh Thanh Tuấn</subfield>
  </datafield>
  <datafield tag="260" ind1=" " ind2=" ">
   <subfield code="a">H.</subfield>
   <subfield code="b">Xây dựng</subfield>
   <subfield code="c">2022</subfield>
  </datafield>
  <datafield tag="300" ind1=" " ind2=" ">
   <subfield code="a">204 tr.</subfield>
   <subfield code="b">minh họa</subfield>
   <subfield code="c">24 cm</subfield>
  </datafield>
  <datafield tag="520" ind1="3" ind2=" ">
   <subfield code="a">Nội dung sách cung cấp kiến thức căn bản về phong thủy. Hình thể trong Phong Thủy. Bát trạch căn bản. Phong thủy huyền không phi tinh. Phong thủy ứng dụng</subfield>
  </datafield>
  <datafield tag="653" ind1=" " ind2=" ">
   <subfield code="a">Kiến trúc</subfield>
  </datafield>
  <datafield tag="700" ind1="1" ind2=" ">
   <subfield code="a">Trịnh Thanh Tuấn</subfield>
  </datafield>
  <datafield tag="942" ind1=" " ind2=" ">
   <subfield code="2">ddc</subfield>
   <subfield code="c">BK</subfield>
  </datafield>
  <datafield tag="952" ind1=" " ind2=" ">
   <subfield code="0">0</subfield>
   <subfield code="1">0</subfield>
   <subfield code="2">ddc</subfield>
   <subfield code="4">0</subfield>
   <subfield code="6">133_333700000000000_T507</subfield>
   <subfield code="7">0</subfield>
   <subfield code="9">27103</subfield>
   <subfield code="a">000001</subfield>
   <subfield code="b">000001</subfield>
   <subfield code="d">2023-03-30</subfield>
   <subfield code="o">133.3337 T507</subfield>
   <subfield code="p">MD.21197</subfield>
   <subfield code="r">2023-03-30</subfield>
   <subfield code="v">179000.00</subfield>
   <subfield code="w">2023-03-30</subfield>
   <subfield code="y">BK</subfield>
  </datafield>
  <datafield tag="952" ind1=" " ind2=" ">
   <subfield code="0">0</subfield>
   <subfield code="1">0</subfield>
   <subfield code="2">ddc</subfield>
   <subfield code="4">0</subfield>
   <subfield code="6">133_333700000000000_T507</subfield>
   <subfield code="7">0</subfield>
   <subfield code="9">27104</subfield>
   <subfield code="a">000001</subfield>
   <subfield code="b">000001</subfield>
   <subfield code="d">2023-03-30</subfield>
   <subfield code="o">133.3337 T507</subfield>
   <subfield code="p">MD.21198</subfield>
   <subfield code="r">2023-03-30</subfield>
   <subfield code="v">179000.00</subfield>
   <subfield code="w">2023-03-30</subfield>
   <subfield code="y">BK</subfield>
  </datafield>
  <datafield tag="980" ind1=" " ind2=" ">
   <subfield code="a">Thư viện Trường Đại học Nam Cần Thơ</subfield>
  </datafield>
 </record>
</collection>
